Logo BPK

Biblioteka

Politechniki Koszalińskiej

Z Wysp Brytyjskich przez Turbinową Dolinę Szwajcarską w dwudziesty pierwszy wiek : (Rekord nr 51546)

Szczegóły MARC
000 -ETYKIETA REKORDU
podpole kontrolne o stałej długości 00850nam a2200241 i 4500
001 - NUMER KONTROLNY REKORDU
pole kontrolne bg
020 ## - MIĘDZYNARODOWY ZNORMALIZOWANY NUMER KSIĄŻKI - ISBN
ISBN 8372831750
040 ## - ŹRÓDŁO KATALOGOWANIA
Instytucja, która utworzyła rekord BPK
041 ## - KOD JĘZYKA
Kod języka tekstu pol
080 ## - UNIWERSALNA KLASYFIKACJA DZIESIĘTNA - UKD
UKD 62-135:621.1:536.7](091)(075.8)
920 ## - Międzynarodowy znormalizowany numer książki – ISBN
ISBN 83-7283-175-0
008 - POLE O STAŁEJ DŁUGOŚCI - DANE KONTROLNE
podpole kontrolne o stałej długości s pl f |000 0 pol
100 1# - NAZWA OSOBOWA
Nazwa osobowa Gundlach, Władysław Rudolf
Daty związane z nazwą (1921-2007).
245 10 - TYTUŁ/ODPOWIEDZIALNOŚĆ
Tytuł Z Wysp Brytyjskich przez Turbinową Dolinę Szwajcarską w dwudziesty pierwszy wiek :
Ciąg dalszy tytułu szkic rozwoju cieplnych maszyn energetycznych od czasów Herona z Aleksandrii /
Pozostałe elementy strefy tytułu i oznaczenia odpowiedzialności Władysław R. Gundlach.
260 ## - STREFA ADRESU WYDAWNICZEGO
Miejsce wydania Łódź :
Nazwa wydawcy/dystrybutora Wydaw. Politechniki Łódzkiej,
Data publikacji, dystrybucji/powstania dokumentu 2005.
300 ## - STREFA OPISU FIZYCZNEGO
Objętość 252 s. :
Inne cechy fizyczne fot., rys. (w tym kolor.) ;
Rozmiary 24 cm.
504 ## - UWAGA DOTYCZĄCA BIBLIOGRAFII
Informacje o bibliografii Bibliogr.
650 #9 - HASŁO PRZEDMIOTOWE W FORMIE NAZWY OGÓLNEJ LUB JEDNOSTKOWEJ
Nazwa ogólna lub geograficzna Maszyny cieplne
Określnik ogólny historia
650 #9 - HASŁO PRZEDMIOTOWE W FORMIE NAZWY OGÓLNEJ LUB JEDNOSTKOWEJ
Nazwa ogólna lub geograficzna Turbiny
Określnik ogólny historia
655 ## - TERMIN INDEKSOWY - OKREŚLENIE RODZAJU/FORMY DOKUMENTU
Określenie rodzaju/formy dokumentu Podręczniki akademickie
856 ## - LOKALIZACJA I DOSTĘP DO ELEKTRONICZNYCH DOKUMENTÓW ZDALNYCH
Link (URL) http://koha.tu.koszalin.pl/cgi-bin/koha/opac-detail.pl?biblionumber=51546
Tekst linku Katalog online BPK
942 ## - DODATKOWE ELEMENTY (KOHA)
Typ dokumentu Książka
Egzemplarze
Wycofany Status egzemplarza Uszkodzony Dostępność Lokalizacja stała Lokalizacja bieżąca Miejsce przechowywania Sygnatura Kod kreskowy Dział Typ dokumentu
      Tylko na miejscu Biblioteka Politechniki Koszalińskiej Biblioteka Politechniki Koszalińskiej Czytelnia BG 78636 02300948 621.31 Elektroenergetyka Książka
© 2023 Biblioteka Politechniki Koszalińskiej :: KOHA